Ways of overcoming economic backwardness (Record no. 519505)

000 -LEADER
fixed length control field 00278nam a22000977a 4500
082 ## - DEWEY DECIMAL CLASSIFICATION NUMBER
Classification number TNC T19 M289
100 ## - MAIN ENTRY--PERSONAL NAME
Personal name Maksodov, Latif
9 (RLIN) 30592
245 ## - TITLE STATEMENT
Title Ways of overcoming economic backwardness
Statement of responsibility, etc by Latif Maksodov
260 ## - PUBLICATION, DISTRIBUTION, ETC. (IMPRINT)
Place of publication, distribution, etc Moscow
Name of publisher, distributor, etc Novosti Press Agency
Date of publication, distribution, etc 1972
300 ## - PHYSICAL DESCRIPTION
Extent 190p
Holdings
Withdrawn status Lost status Source of classification or shelving scheme Damaged status Koha normalized classification for sorting Not for loan Permanent location Current location Date acquired Full call number Barcode Date last seen Price effective from Koha item type
        TNC_T19_M289   Indian Institute of Public Administration Indian Institute of Public Administration 2022-03-16 TNC T19 M289 GR23915 2022-03-16 2022-03-16 GR

Powered by Koha